Admissão de pessoal no serviço público / (Record no. 947)
[ view plain ]
| 000 -LÍDER | |
|---|---|
| Campo Fixo de Controle | 00902nam a2200241 a 4500 |
| 001 - NÚMERO DE CONTROLE | |
| Campo de Controle | 947 |
| 003 - IDENTIFICAÇÃO DO NÚMERO DE CONTROLE | |
| Campo de Controle | BR-CuiBMT |
| 005 - DATA E HORA DA ÚLTIMA ATUALIZAÇÃO | |
| Campo de Controle | 20231123205203.0 |
| 008 - DADOS FIXOS | |
| Dados Fixos | 231123s2009 mgba 001 0 por d |
| 020 ## - INTERNATIONAL STANDARD BOOK NUMBER | |
| Nº do ISBN | 9788577001934 |
| 040 ## - AGÊNCIA CATALOGADORA | |
| Código da Agência Catalogadora | BR-CuiBMT |
| Agência que transcreveu o registro | BR-CuiBMT |
| 080 ## - Nº DA CLASSIFICAÇÃO DECIMAL UNIVERSAL | |
| Nº edição CDU | 2007 |
| Nº Class. CDU | 35.08 |
| 090 ## - NÚMERO DE CHAMADA | |
| Nº classificação | 35.08 |
| Cutter | M528a |
| Ano/Edição | 2. ed. |
| 100 10 - ENTRADA PRINCIPAL -- AUTOR PESSOAL | |
| Nome pessoal | Melo, Frederico Jorge de Melo |
| 245 ## - TÍTULO PRINCIPAL | |
| Título principal | Admissão de pessoal no serviço público / |
| Indicação de responsabilidade | Frederico Jorge Gouveia de Melo, prefácio José Augusto Delgado. |
| 250 ## - EDIÇÃO | |
| Edição | 2. ed., rev. e atua. |
| 260 ## - PUBLICAÇÃO, DISTRIBUIÇÃO, ETC. | |
| Local de publicação | Belo Horizonte: |
| Editora | Fórum, |
| Data | 2009. |
| 500 ## - NOTAS GERAIS | |
| Notas gerais | Procedimentos, restrições e controles de acordo com a Lei de Responsabilidade Fiscal. Texto revisado e atualizado até a EC nº 51/2006. |
| 504 ## - NOTA DE BIBLIOGRAFIA, ETC. | |
| Nota de bibliografia | Inclui bibliografia e índice. |
| 650 ## - ASSUNTO TÓPICO | |
| Cabeçalho tópico ou nome geográfico | Servidor público |
| Subdivisão geral | contratação |
| Subdivisão geográfica | Brasil |
| 650 ## - ASSUNTO TÓPICO | |
| Cabeçalho tópico ou nome geográfico | Lei de responsabilidade fiscal |
| Subdivisão geográfica | Brasil |
| 942 ## - ELEMENTOS DE ENTRADA ADICIONAIS (KOHA) | |
| Fonte de classificação ou esquema de arquivamento | Classificação Decimal Universal |
| Tipo de item do Koha | Livros |
| Estado: removido | Estado: perdido | Fonte de classificação ou esquema de arquivamento | Estado: danificado | Indisponível para empréstimo | Localização permanente | Localização atual | Data de aquisição | Total Checkouts | Número de Chamada completo | Código de barras | Date last seen | Número do exemplar | Preço efetivo a partir de | Tipo de item (Koha) |
|---|---|---|---|---|---|---|---|---|---|---|---|---|---|---|
| Classificação Decimal Universal | Biblioteca da Escola Superior de Contas do TCE/MT | Biblioteca da Escola Superior de Contas do TCE/MT | 25/09/2015 | 35.08 M528a 2. ed. | BIBTCEMT23111000 | 23/11/2023 | Ex. 1 | 23/11/2023 | Livros |